Removed Minecraft Biomes - Statistics

General Stats
  • This quiz has been taken 14 times
  • The average score is 15 of 31
Answer Stats
Update Removed Answer % Correct
1.18 Modified Jungle
75%
1.18 Modified Jungle Edge
75%
Beta 1.8 Tundra
75%
1.18 Desert Hills
63%
Beta 1.8 Rain Forest
63%
1.18 Badlands Plateau
50%
1.18 Birch Forest Hills
50%
1.18 Dark Forest Hills
50%
1.18 Deep Warm Ocean
50%
1.18 Desert Lakes
50%
1.18 Gravelly Mountains+
50%
Beta 1.8 Ice Desert
50%
1.18 Mushroom Field Shore
50%
Beta 1.8 Seasonal Forest
50%
1.18 Shattered Savanna Plateau
50%
Beta 1.8 Shrubland
50%
1.18 Snowy Mountains
50%
1.18 Swamp Hills
50%
1.18 Taiga Hills
50%
1.18 Wooded Hills
50%
1.18 Bamboo Jungle Hills
38%
1.18 Giant Spruce Taiga Hills
38%
1.18 Giant Tree Taiga Hills
38%
1.18 Jungle Hills
38%
1.18 Modified Badlands Plateau
38%
1.18 Modified Wooded Badlands Plateau
38%
1.18 Mountain Edge
38%
1.18 Taiga Mountains
38%
1.18 Tall Birch Hills
38%
1.18 Snowy Taiga Hills
25%
1.18 Snowy Taiga Mountains
25%
No matching quizzes found
Score Distribution
Percent of People with Each Score
Percentile by Number Answered
Your Score History
You have not taken this quiz